Hebrews / Victor C. Pfitzner
Record details
- ISBN: 0687057248 (pbk.)
- Physical Description: 218 p. ; 23 cm
- Publisher: Nashville, Tenn. : Abingdon Press, c1997
Content descriptions
| General Note: | Includes bibliographical references (p. 209-214) and index |
Search for related items by series
Available copies
- 1 of 1 copy available at Common Catalog SPOK.
Holds
- 0 current holds with 1 total copy.
Other Formats and Editions
Show Only Available Copies
| Location | Call Number / Copy Notes | Barcode | Shelving Location | Status | Due Date |
|---|---|---|---|---|---|
| Jabok Library | NZ-3.4 | 424480030626 | Odborná literatura | Available | - |
| LDR | 01252nam a2200373 a 4500 | ||
|---|---|---|---|
| 001 | 17909 | ||
| 003 | CZ-PrJAB | ||
| 005 | 20200329120400.0 | ||
| 008 | 970917s1997 xxu 000 0 eng d | ||
| 020 | . | ‡a0687057248 (pbk.) ‡calk. paper | |
| 035 | . | ‡a(CONS)17909 | |
| 035 | . | ‡a(OCoLC)37552391 | |
| 040 | . | ‡aGBVCP ‡bger ‡dABG312 | |
| 041 | 0 | . | ‡aeng |
| 082 | 0 | 0. | ‡a227/.8707 |
| 100 | 1 | . | ‡aPfitzner, Victor C. ‡4aut |
| 245 | 1 | 0. | ‡aHebrews / ‡cVictor C. Pfitzner |
| 260 | . | ‡aNashville, Tenn. : ‡bAbingdon Press, ‡cc1997 | |
| 300 | . | ‡a218 p. ; ‡c23 cm | |
| 490 | 0 | . | ‡aAbingdon New Testament commentaries |
| 500 | . | ‡aIncludes bibliographical references (p. 209-214) and index | |
| 653 | 0 | . | ‡aNový zákon ‡alist Židům ‡akomentáře |
| 910 | . | ‡aABG312 | |
| 901 | . | ‡a17909 ‡bCZ-PrJAB ‡c17909 ‡tbiblio | |